[Event "Riga Tech Open A 2015"]
[Site "Riga LAT"]
[Date "2015.08.12"]
[Round "4.8"]
[White "Swiercz, Dariusz"]
[Black "Gavrilov, Alexei1"]
[Result "1-0"]
[WhiteTitle "GM"]
[BlackTitle "GM"]
[WhiteElo "2617"]
[BlackElo "2439"]
[WhiteFideId "1126881"]
[BlackFideId "4104358"]
[EventDate "2015.08.10"]

1. d4 Nf6 2. c4 e6 3. Nf3 d5 4. Nc3 Bb4 5. Bg5 h6 6. Bxf6 Qxf6 7. Qa4+ Nc6 8. e3
O-O 9. Be2 Bd7 10. Qb3 dxc4 11. Qxc4 Bd6 12. O-O e5 13. d5 Nd8 14. Ne4 Qe7 15.
Rac1 f5 16. Nxd6 cxd6 17. Qb4 Be8 18. Nd2 Bg6 19. Rc3 Nf7 20. Rfc1 b6 21. Rc7
Qf6 22. Qa3 e4 23. Nc4 Rac8 24. Qxa7 Rxc7 25. Qxc7 b5 26. Nb6 Qxb2 27. Qc2 Qa3
28. Bxb5 Qa5 29. Nd7 Qxb5 30. Nxf8 Kxf8 31. Qc8+ Qe8 32. a4 Qxc8 33. Rxc8+ Ke7
34. a5 Ne5 35. Rb8 Bf7 36. Rb5 Be8 37. Rb7+ Kd8 38. Rb8+ Kd7 39. a6 Bf7 40. Rb5 1-0

[Event "Riga Tech Open A 2015"]
[Site "Riga LAT"]
[Date "2015.08.12"]
[Round "4.9"]
[White "Kozionov, Kirill"]
[Black "Neiksans, Arturs"]
[Result "0-1"]
[WhiteTitle "IM"]
[BlackTitle "GM"]
[WhiteElo "2419"]
[BlackElo "2596"]
[WhiteFideId "24101729"]
[BlackFideId "11601388"]
[EventDate "2015.08.10"]

1. e4 c5 2. Nf3 e6 3. d4 cxd4 4. Nxd4 a6 5. c4 Nf6 6. Nc3 Qc7 7. Bd3 Nc6 8. Nde2
Bc5 9. h3 d6 10. O-O Ne5 11. Bf4 Bd7 12. Rc1 g5 13. Bh2 g4 14. h4 Nh5 15. Nf4
Qd8 16. Nxh5 Qxh4 17. b4 Bxb4 18. Nf4 Bc5 19. Nce2 O-O-O 20. Bb1 Rdg8 21. Kh1
Qh6 22. Rc3 Rg5 23. Ng3 Bc6 24. Nd3 Bd4 25. Nxe5 Bxe5 26. Qc1 Qh4 27. f4 gxf3
28. Rfxf3 Rhg8 29. Qe1 Rh5 30. Qg1 Rxg3 0-1

[Event "Riga Tech Open A 2015"]
[Site "Riga LAT"]
[Date "2015.08.12"]
[Round "4.10"]
[White "Oganian, Miran"]
[Black "Burmakin, Vladimir"]
[Result "1/2-1/2"]
[WhiteTitle "FM"]
[BlackTitle "GM"]
[WhiteElo "2380"]
[BlackElo "2558"]
[WhiteFideId "4122488"]
[BlackFideId "4105109"]
[EventDate "2015.08.10"]

1. d4 Nf6 2. c4 c6 3. Nf3 d5 4. Qc2 g6 5. Bf4 Bf5 6. Qb3 Qb6 7. e3 Nbd7 8. Nc3
Bg7 9. h3 O-O 10. c5 Qxb3 11. axb3 Rfe8 12. b4 a6 13. Rg1 Be4 14. Ne5 Nxe5 15.
Bxe5 g5 16. Kd2 Bg6 17. f4 h6 18. g4 Ne4+ 19. Nxe4 Bxe4 20. Bxg7 Kxg7 1/2-1/2

[Event "Riga Tech Open A 2015"]
[Site "Riga LAT"]
[Date "2015.08.12"]
[Round "4.11"]
[White "Krupenski, Juri"]
[Black "Troff, Kayden W"]
[Result "0-1"]
[WhiteTitle "FM"]
[BlackTitle "GM"]
[WhiteElo "2356"]
[BlackElo "2532"]
[WhiteFideId "4501101"]
[BlackFideId "2047896"]
[EventDate "2015.08.10"]

1. c4 e5 2. g3 Nf6 3. Bg2 d5 4. cxd5 Nxd5 5. Nc3 Nb6 6. Nf3 Nc6 7. O-O Be7 8. a3
O-O 9. b4 Be6 10. Rb1 f6 11. d3 a5 12. b5 Nd4 13. Nd2 Qc8 14. e3 Nf5 15. Qc2 Rd8
16. Bb2 a4 17. Rfe1 Nd6 18. d4 exd4 19. exd4 Re8 20. Rbc1 Bf8 21. Qd3 Qd7 22. d5
Bf5 23. Qd4 Nxb5 24. Nxb5 Rxe1+ 25. Rxe1 Qxb5 26. g4 Bg6 27. g5 Qd3 28. Qxd3
Bxd3 29. gxf6 gxf6 30. Bxf6 Bg6 31. Bb2 Rd8 32. Ne4 Nxd5 33. Rd1 Be7 34. Nc5
Bxc5 35. Rxd5 Bd6 36. Ra5 c6 37. Rxa4 Bc5 38. Bf1 Rd1 39. Ra5 b5 40. Ra8+ Kf7
41. Kg2 Rd2 0-1

[Event "Riga Tech Open A 2015"]
[Site "Riga LAT"]
[Date "2015.08.12"]
[Round "4.12"]
[White "Baron, Tal"]
[Black "Kuprijanov, Anatoly"]
[Result "1-0"]
[WhiteTitle "GM"]
[BlackTitle "FM"]
[WhiteElo "2524"]
[BlackElo "2305"]
[WhiteFideId "2809958"]
[BlackFideId "24141143"]
[EventDate "2015.08.10"]

1. e4 c6 2. d4 d5 3. Nd2 dxe4 4. Nxe4 Bf5 5. Ng3 Bg6 6. h4 h6 7. Nf3 Nd7 8. Bd3
Bxd3 9. Qxd3 e6 10. Bd2 Ngf6 11. O-O-O Be7 12. Qe2 Rc8 13. Kb1 c5 14. d5 Nxd5
15. Nh5 Kf8 16. c4 N5f6 17. Nxf6 Bxf6 18. g4 Qb6 19. Bxh6 gxh6 20. Rxd7 Rd8 21.
Rhd1 Rxd7 22. Rxd7 Ke8 23. Rd2 Ke7 24. Qe3 Qc7 25. a3 a6 26. Ka2 b5 27. g5 hxg5
28. hxg5 Bg7 29. g6 Rh5 30. gxf7 Bh6 31. Qc3 Rf5 32. Qh8 Rxf7 33. Qxh6 Rxf3 34.
Qg5+ Rf6 35. Rd3 Qf4 36. Qxc5+ Kf7 37. Qa7+ Ke8 38. Qa8+ Kf7 39. Qb7+ Ke8 40.
Qc6+ Kf7 41. cxb5 axb5 42. Qb7+ Kg8 43. Rg3+ Kf8 44. Qc8+ Kf7 45. Qd7+ Kf8 46.
Qd8+ Kf7 47. Qg8+ Ke7 48. Rg7+ Kd6 49. Qb8+ Kc6 50. Qc8+ Kd5 51. Qb7+ Kc5 52.
Rc7+ Kd4 53. Rd7+ Ke5 54. Qxb5+ Ke4 55. Qd3+ Ke5 56. Qc3+ Kf5 57. f3 Kg5 58.
Rg7+ Kh6 59. Rg4 Qxf3 60. Qd2+ Kh7 61. Qh2+ 1-0

[Event "Riga Tech Open A 2015"]
[Site "Riga LAT"]
[Date "2015.08.12"]
[Round "4.13"]
[White "Georgiadis, Nico"]
[Black "Janik, Igor"]
[Result "1/2-1/2"]
[WhiteTitle "IM"]
[WhiteElo "2485"]
[BlackElo "2293"]
[WhiteFideId "1300113"]
[BlackFideId "1159259"]
[EventDate "2015.08.10"]

1. e4 c5 2. Nf3 Nc6 3. Nc3 g6 4. d4 cxd4 5. Nxd4 Bg7 6. Be3 Nf6 7. Bc4 O-O 8.
Bb3 d6 9. f3 Nxd4 10. Bxd4 Be6 11. Qd2 Qa5 12. O-O-O b5 13. Kb1 Rfc8 14. Rhe1
Bxb3 15. cxb3 b4 16. Bxf6 bxc3 17. Bxc3 Bxc3 18. bxc3 Qxc3 19. Qxc3 Rxc3 20. Rc1
Rac8 21. Rxc3 Rxc3 22. Rc1 Rxc1+ 23. Kxc1 Kf8 24. Kc2 Ke8 25. Kc3 Kd7 26. Kc4
Kc6 27. b4 a6 28. h4 e6 29. a4 Kb6 30. g4 h6 31. b5 a5 32. f4 Kb7 33. Kd4 Kb6
34. f5 Kb7 35. f6 g5 36. hxg5 hxg5 37. e5 d5 38. Kc5 Kc7 39. b6+ Kb7 40. Kb5 d4
41. Kc4 Kxb6 42. Kxd4 1/2-1/2

[Event "Riga Tech Open A 2015"]
[Site "Riga LAT"]
[Date "2015.08.12"]
[Round "4.14"]
[White "Mustaps, Matiss"]
[Black "Schroeder, Jan-Christian"]
[Result "1/2-1/2"]
[BlackTitle "IM"]
[WhiteElo "2300"]
[BlackElo "2473"]
[WhiteFideId "11602295"]
[BlackFideId "24662259"]
[EventDate "2015.08.10"]

1. e4 d6 2. d4 Nf6 3. Nc3 e5 4. Nf3 Nbd7 5. h3 c6 6. Be2 Be7 7. O-O O-O 8. a4
Re8 9. Re1 Qc7 10. Bf1 Bf8 11. a5 Rb8 12. b3 b5 13. axb6 axb6 14. d5 b5 15. dxc6
Qxc6 16. Nd5 Be7 17. Bg5 h6 18. Bh4 Bd8 19. Bxf6 Nxf6 20. Nxf6+ Bxf6 21. Bd3 Be6
22. Qe2 Rec8 23. Nh2 Bd8 24. Ng4 Bb6 25. Ne3 Bd4 26. Rad1 Qc5 27. Qf3 Qb6 28.
Nf5 Bxf5 29. Qxf5 Qd8 30. Rf1 Rc5 31. Kh1 g6 32. Qg4 Qg5 33. Qxg5 hxg5 34. g3
Kg7 35. Kg2 Rbc8 36. Rb1 b4 37. Rbd1 f6 38. Bc4 f5 39. f3 Kf6 40. Rd2 Ke7 41.
Bd3 Kf6 42. Bc4 Ra5 43. Rfd1 Ke7 44. Rxd4 exd4 45. Rxd4 Ra2 46. Bd3 Rcxc2+ 47.
Bxc2 Rxc2+ 48. Kg1 Rc3 49. Rxb4 Rxf3 50. Kg2 Rd3 51. exf5 gxf5 52. Kf2 Ke6 53.
Rb8 f4 54. gxf4 gxf4 55. Rf8 Ke5 56. Re8+ Kd4 57. Rf8 Rxh3 58. Rxf4+ Kc3 59.
Rc4+ Kd3 60. Rc6 d5 61. b4 Rh2+ 62. Ke1 Rb2 63. Rb6 d4 64. b5 Rb1+ 65. Kf2 Kc4
66. Ke2 Rb2+ 67. Kd1 Kd3 68. Kc1 Rc2+ 69. Kd1 Rh2 70. Kc1 Rh1+ 71. Kb2 Rh5 72.
Kc1 Rc5+ 73. Kd1 Rg5 74. Kc1 Kc4 75. Rc6+ Kxb5 76. Rc8 Kb4 77. Kd2 Rc5 78. Rxc5
Kxc5 79. Kd3 1/2-1/2

[Event "Riga Tech Open A 2015"]
[Site "Riga LAT"]
[Date "2015.08.12"]
[Round "4.15"]
[White "Bernotas, Arturs"]
[Black "Ankit, R. Rajpara"]
[Result "0-1"]
[BlackTitle "GM"]
[WhiteElo "2292"]
[BlackElo "2460"]
[WhiteFideId "11601426"]
[BlackFideId "5023335"]
[EventDate "2015.08.10"]

1. e4 c6 2. Nc3 d5 3. Qe2 d4 4. Nd1 c5 5. d3 e5 6. g3 Nc6 7. f4 g6 8. Bh3 Bxh3
9. Nxh3 Qd7 10. Ndf2 h5 11. Ng5 Nge7 12. f5 gxf5 13. exf5 Qxf5 14. Nfe4 Qg6 15.
O-O f5 16. Nxc5 O-O-O 17. b4 Nd5 18. b5 Bxc5 19. bxc6 Ne3 20. cxb7+ Kb8 21. Bxe3
dxe3 22. Nf3 e4 23. Ne5 Qe6 24. Nc4 h4 25. gxh4 exd3 26. cxd3 Rxh4 27. Nd2 exd2+ 0-1

[Event "Riga Tech Open A 2015"]
[Site "Riga LAT"]
[Date "2015.08.13"]
[Round "5.1"]
[White "Chigaev, Maksim"]
[Black "Melkumyan, Hrant"]
[Result "1/2-1/2"]
[WhiteTitle "IM"]
[BlackTitle "GM"]
[WhiteElo "2519"]
[BlackElo "2633"]
[WhiteFideId "4108116"]
[BlackFideId "13302485"]
[EventDate "2015.08.10"]

1. e4 e5 2. Nf3 Nc6 3. Nc3 Nf6 4. g3 Bb4 5. Bg2 O-O 6. O-O d6 7. d3 h6 8. a3
Bxc3 9. bxc3 Be6 10. c4 Qd7 11. Nh4 g5 12. Nf3 Bh3 13. Ne1 Kh7 14. f3 Rg8 15. g4
Bxg2 16. Nxg2 h5 17. c3 Ne7 18. h4 hxg4 19. fxg4 Qe6 20. Qf3 Nxg4 21. Qxf7+ Qxf7
22. Rxf7+ Rg7 23. Rxg7+ Kxg7 24. Bxg5 Ng8 25. Rf1 a6 26. Rf3 Kg6 27. Rg3 Kh5 28.
Ne3 Nxe3 29. Bxe3 Kxh4 30. Rg7 Rc8 31. a4 Kh5 32. Kg2 Nf6 33. Kh3 Rh8 34. Rxc7
Kg6+ 35. Kg2 Rh7 36. Rxh7 Nxh7 37. c5 dxc5 38. Bxc5 b5 39. axb5 axb5 40. Kf3 Kf7
41. Ke3 Ke6 42. d4 Kd7 43. Kd3 Ng5 44. Ba3 Nh3 45. Ke3 Nf4 46. Bc5 Ne6 47. Bb4
Ng5 48. d5 Nf7 49. Bf8 Ng5 50. Bh6 Nf7 51. Bg7 Kd6 52. Bf6 Kc7 53. Ke2 Kd6 54.
Kf2 Kc7 55. Kf3 Kd7 56. Bg7 Ng5+ 57. Ke3 Nf7 58. Kd3 Kd6 59. Bf8+ Kd7 60. Ke3
Ng5 61. Bg7 Nf7 62. Kd2 Nd6 63. Kd3 Nc4 64. Bf8 Nb2+ 65. Ke2 Nc4 66. Bb4 Ke8 67.
Kf3 Kf7 68. Kg4 Kf6 69. d6 Ke6 70. d7 Kxd7 71. Kf5 Kc7 72. Ke6 Kc6 73. Be7 Kb6
74. Kd5 Ka5 75. Bd6 Ka4 76. Bxe5 Kb3 77. Bd4 b4 78. cxb4 Kxb4 79. e5 Nxe5 80.
Bxe5 1/2-1/2

[Event "Riga Tech Open A 2015"]
[Site "Riga LAT"]
[Date "2015.08.13"]
[Round "5.3"]
[White "Troff, Kayden W"]
[Black "Naroditsky, Daniel"]
[Result "1/2-1/2"]
[WhiteTitle "GM"]
[BlackTitle "GM"]
[WhiteElo "2532"]
[BlackElo "2631"]
[WhiteFideId "2047896"]
[BlackFideId "2026961"]
[EventDate "2015.08.10"]

1. d4 Nf6 2. c4 g6 3. Nc3 d5 4. cxd5 Nxd5 5. Bd2 Bg7 6. e4 Nxc3 7. Bxc3 O-O 8.
Qd2 c5 9. d5 e6 10. Bc4 exd5 11. Bxd5 Bxc3 12. bxc3 Nd7 13. Nf3 Nf6 14. O-O Nxd5
15. exd5 Qd6 16. Rfe1 f6 17. c4 Bf5 18. Qe3 b5 19. cxb5 Qxd5 20. Rad1 Qxa2 21.
Qxc5 Rac8 22. Qd4 Qf7 23. Ra1 Rc7 24. Ra6 Rd7 25. Qe3 Qc4 26. Rxa7 Rxa7 27. Qxa7
Qxb5 28. Qa2+ Kh8 29. Nd4 Re8 30. Qa1 Rxe1+ 31. Qxe1 Qb1 32. Qxb1 Bxb1 1/2-1/2

[Event "Riga Tech Open A 2015"]
[Site "Riga LAT"]
[Date "2015.08.13"]
[Round "5.4"]
[White "Socko, Bartosz"]
[Black "Baron, Tal"]
[Result "1/2-1/2"]
[WhiteTitle "GM"]
[BlackTitle "GM"]
[WhiteElo "2622"]
[BlackElo "2524"]
[WhiteFideId "1107038"]
[BlackFideId "2809958"]
[EventDate "2015.08.10"]

1. d4 Nf6 2. c4 g6 3. Nc3 d5 4. Bf4 Bg7 5. e3 O-O 6. Rc1 Be6 7. c5 c6 8. Bd3 Bc8
9. h3 Nfd7 10. Nf3 e5 11. dxe5 Nxc5 12. O-O Nbd7 13. Bb1 Qe7 14. Re1 Nxe5 15.
Nxe5 Bxe5 16. Bxe5 Qxe5 17. Nxd5 cxd5 18. Rxc5 Qxb2 19. Rxd5 Be6 20. Rd2 Qb4 21.
Rd4 Qa5 22. Be4 Rad8 23. Bxb7 1/2-1/2

[Event "Riga Tech Open A 2015"]
[Site "Riga LAT"]
[Date "2015.08.13"]
[Round "5.5"]
[White "Ankit, R. Rajpara"]
[Black "Swiercz, Dariusz"]
[Result "1/2-1/2"]
[WhiteTitle "GM"]
[BlackTitle "GM"]
[WhiteElo "2460"]
[BlackElo "2617"]
[WhiteFideId "5023335"]
[BlackFideId "1126881"]
[EventDate "2015.08.10"]

1. d4 Nf6 2. c4 g6 3. Nc3 d5 4. cxd5 Nxd5 5. e4 Nxc3 6. bxc3 Bg7 7. Nf3 c5 8.
Be3 Qa5 9. Qd2 Nc6 10. Rb1 a6 11. Rc1 cxd4 12. cxd4 Qxd2+ 13. Kxd2 e6 14. Bd3
O-O 15. h4 h6 16. e5 Rd8 17. h5 g5 18. Nxg5 Nxd4 19. Ne4 Bxe5 20. Bxh6 f5 21.
Nc3 Bd7 22. Bg5 Bc6 23. Rhe1 Bg7 24. Bxd8 Bh6+ 25. Re3 Rxd8 26. Ke1 f4 27. Re4
f3 28. Rd1 fxg2 29. Rg4+ Kf8 30. Ne4 Nf3+ 31. Ke2 Nd4+ 32. Ke1 Nf3+ 33. Ke2 Bxe4
34. Bxe4 Rxd1 35. Kxd1 1/2-1/2

[Event "Riga Tech Open A 2015"]
[Site "Riga LAT"]
[Date "2015.08.13"]
[Round "5.6"]
[White "Hovhannisyan, Robert"]
[Black "Usmanov, Vasily"]
[Result "1-0"]
[WhiteTitle "GM"]
[BlackTitle "IM"]
[WhiteElo "2612"]
[BlackElo "2452"]
[WhiteFideId "13302507"]
[BlackFideId "4135741"]
[EventDate "2015.08.10"]

1. e4 e6 2. d4 d5 3. Nc3 Bb4 4. exd5 exd5 5. Bd3 Nc6 6. Nf3 Nge7 7. O-O O-O 8.
Ne2 Bf5 9. Bf4 Bxd3 10. Qxd3 Ng6 11. c3 Bd6 12. Bxd6 Qxd6 13. h4 Nf4 14. Nxf4
Qxf4 15. Rae1 Rfe8 16. Re3 f6 17. Rfe1 Rxe3 18. Rxe3 a6 19. Qe2 Rf8 20. Ne1 Qd6
21. Nd3 b6 22. g3 a5 23. Nf4 Na7 24. Re6 Qd8 25. Re7 Kh8 26. Rxg7 Kxg7 27. Ne6+
Kf7 28. Nxd8+ Rxd8 29. Qa6 Nc8 30. Qb7 1-0

[Event "Riga Tech Open A 2015"]
[Site "Riga LAT"]
[Date "2015.08.13"]
[Round "5.7"]
[White "Neiksans, Arturs"]
[Black "Ziska, Helgi Dam"]
[Result "1/2-1/2"]
[WhiteTitle "GM"]
[BlackTitle "IM"]
[WhiteElo "2596"]
[BlackElo "2515"]
[WhiteFideId "11601388"]
[BlackFideId "7200595"]
[EventDate "2015.08.10"]

1. e4 c5 2. Nf3 d6 3. Bb5+ Nd7 4. d4 cxd4 5. Qxd4 a6 6. Be2 Ngf6 7. O-O e5 8.
Qe3 Nc5 9. Nc3 Be7 10. b3 Ng4 11. Qd2 Nf6 12. Rd1 O-O 13. Bb2 Bd7 14. Qe3 Ng4
15. Qd2 Nf6 16. Qe3 Ng4 17. Qd2 Nf6 1/2-1/2

[Event "Riga Tech Open A 2015"]
[Site "Riga LAT"]
[Date "2015.08.13"]
[Round "5.8"]
[White "Lugovskoy, Maxim"]
[Black "Dragun, Kamil"]
[Result "1/2-1/2"]
[WhiteTitle "IM"]
[BlackTitle "GM"]
[WhiteElo "2431"]
[BlackElo "2572"]
[WhiteFideId "24126454"]
[BlackFideId "1134167"]
[EventDate "2015.08.10"]

1. e4 c5 2. c3 Nf6 3. e5 Nd5 4. d4 cxd4 5. cxd4 Nc6 6. Nf3 d6 7. Bc4 Nb6 8. Bb3
dxe5 9. d5 Na5 10. Nc3 Nxb3 11. Qxb3 e6 12. Nxe5 exd5 13. Be3 Bd6 14. Qb5+ Bd7
15. Nxd7 Qxd7 16. Bxb6 axb6 17. Qxd7+ Kxd7 18. O-O-O Ra5 19. Nxd5 Kc6 20. Nc3
Re8 21. Rd3 Bb4 1/2-1/2

[Event "Riga Tech Open A 2015"]
[Site "Riga LAT"]
[Date "2015.08.13"]
[Round "5.9"]
[White "Kjartansson, Gudmundur"]
[Black "Fridman, Daniel"]
[Result "1/2-1/2"]
[WhiteTitle "IM"]
[BlackTitle "GM"]
[WhiteElo "2447"]
[BlackElo "2639"]
[WhiteFideId "2301318"]
[BlackFideId "11600454"]
[EventDate "2015.08.10"]

1. c4 e5 2. g3 Nf6 3. Bg2 Nc6 4. Nc3 Bc5 5. e3 a6 6. Nge2 d6 7. O-O O-O 8. d4
Ba7 9. b3 Re8 10. h3 Rb8 11. Kh2 Bd7 12. d5 Ne7 13. a4 Bc5 14. Ba3 Bxa3 15. Rxa3
b5 16. cxb5 axb5 17. axb5 Bxb5 18. Nxb5 Rxb5 19. Nc3 Rb6 20. Qc2 Qb8 21. Rfa1 g6
22. Qd1 h5 23. R1a2 Kg7 24. Bf1 Qc8 25. Ra7 Qd7 26. Bc4 Reb8 27. Qd3 Rb4 28.
R2a4 Nc8 29. Rxb4 Rxb4 30. Ra4 Rb8 31. Bb5 e4 32. Bxd7 exd3 33. Bxc8 Rxb3 34.
Ne4 Nxd5 35. Ba6 f5 36. Bc4 Rb2 37. Bxd5 fxe4 38. Kg2 Rb1 39. Ra2 Rb4 40. f3 c5
41. Bxe4 c4 42. Kf2 d5 43. Bxd3 cxd3 44. Rd2 Rb3 45. e4 d4 46. f4 Kf6 47. Kf3
Ke6 48. g4 hxg4+ 49. hxg4 g5 50. fxg5 Ke5 51. g6 Rb6 52. g5 Rxg6 53. Rxd3 1/2-1/2

[Event "Riga Tech Open A 2015"]
[Site "Riga LAT"]
[Date "2015.08.13"]
[Round "5.10"]
[White "Leenhouts, Koen"]
[Black "Jumabayev, Rinat"]
[Result "0-1"]
[WhiteTitle "IM"]
[BlackTitle "GM"]
[WhiteElo "2422"]
[BlackElo "2600"]
[WhiteFideId "1008439"]
[BlackFideId "13702661"]
[EventDate "2015.08.10"]

1. d4 Nf6 2. c4 e6 3. Nc3 Bb4 4. e3 b6 5. Ne2 Ba6 6. Ng3 Bxc3+ 7. bxc3 d5 8. Ba3
Bxc4 9. Bxc4 dxc4 10. Qa4+ Qd7 11. Qxc4 Qc6 12. Qxc6+ Nxc6 13. Ke2 O-O-O 14. c4
Kb7 15. f3 Ne8 16. Rhd1 Nd6 17. d5 Na5 18. Bxd6 cxd6 19. Rac1 e5 20. Ne4 Kc7 21.
g4 Kd7 22. Rf1 Rc8 23. Kd3 Rhe8 24. h4 Rc7 25. h5 Rec8 26. h6 gxh6 27. f4 Nxc4
28. Rxc4 Rxc4 29. fxe5 dxe5 30. Rxf7+ Kd8 31. d6 Rc1 32. Rxh7 Rd1+ 33. Ke2 Rcc1
34. Rh8+ Kd7 35. Rh7+ Kc8 36. Rxh6 Re1+ 37. Kf2 Rf1+ 38. Ke2 Rfe1+ 39. Kf2 Rf1+
40. Ke2 Rh1 41. Re6 Rh2+ 42. Kd3 Rd1+ 43. Kc3 Rc1+ 44. Kd3 Rd1+ 45. Kc3 Re2 46.
Nf6 Rxe3+ 47. Kc4 Kb7 0-1

[Event "Riga Tech Open A 2015"]
[Site "Riga LAT"]
[Date "2015.08.13"]
[Round "5.11"]
[White "Korchmar, Vasiliy"]
[Black "Romanov, Evgeny"]
[Result "1-0"]
[WhiteTitle "IM"]
[BlackTitle "GM"]
[WhiteElo "2400"]
[BlackElo "2586"]
[WhiteFideId "24131750"]
[BlackFideId "4148843"]
[EventDate "2015.08.10"]

1. d4 Nf6 2. c4 c5 3. d5 g6 4. Nc3 Bg7 5. e4 d6 6. h3 O-O 7. Nf3 e6 8. Bd3 Na6
9. Bg5 Nc7 10. Qd2 exd5 11. cxd5 b5 12. O-O b4 13. Ne2 Qd7 14. Ng3 Nfe8 15. Bh6
f6 16. Be3 a5 17. h4 Ba6 18. Bxa6 Rxa6 19. h5 f5 20. hxg6 hxg6 21. exf5 gxf5 22.
Nh5 Qf7 23. Nf4 Bf6 24. g3 Ng7 25. Kg2 Re8 26. Rh1 Rxe3 27. fxe3 Qe8 28. Rh6 Kf7
29. Rah1 Qe4 30. Kf2 Nce8 31. Qe2 Rb6 32. Nd2 Qc2 33. Nc4 Qxe2+ 34. Kxe2 Ra6 35.
Rh7 a4 36. Kf3 b3 37. a3 Ra7 38. Nh5 Rd7 39. Nxf6 Nxf6 40. Rh8 Nge8 41. Nb6 Re7
42. R8h4 Ng4 43. Rh7+ Ng7 44. Nc4 Kg6 45. R7h4 Ne8 46. Re1 Re4 47. Nd2 Re5 48.
e4 Nef6 49. Re2 Kg7 50. exf5 Rxf5+ 51. Kg2 Rxd5 52. Ne4 Re5 53. Nc3 Rxe2+ 54.
Nxe2 d5 55. Nc3 d4 56. Nxa4 c4 57. Kf3 Ne5+ 58. Ke2 Nfg4 59. Rh5 d3+ 60. Kd2
Nf3+ 61. Kc3 d2 62. Rd5 Nf2 63. Kxc4 d1=Q 64. Rxd1 Nxd1 65. Kxb3 Kf6 66. Kc4
Ne3+ 67. Kc5 Nd2 68. Nc3 Nb3+ 69. Kb4 Nd4 70. a4 Ke5 71. a5 Nec2+ 72. Kc5 Nb3+
73. Kb6 Ne3 74. a6 Nc4+ 75. Kc7 Nc5 76. a7 Ne6+ 77. Kb8 Nb6 78. Kb7 1-0

[Event "Riga Tech Open A 2015"]
[Site "Riga LAT"]
[Date "2015.08.13"]
[Round "5.12"]
[White "Kulaots, Kaido"]
[Black "Sipila, Vilka"]
[Result "1-0"]
[WhiteTitle "GM"]
[BlackTitle "IM"]
[WhiteElo "2573"]
[BlackElo "2410"]
[WhiteFideId "4500261"]
[BlackFideId "505455"]
[EventDate "2015.08.10"]

1. e4 c5 2. Nf3 e6 3. d4 cxd4 4. Nxd4 a6 5. Nc3 Qc7 6. Bd3 Nc6 7. Nxc6 dxc6 8.
O-O Nf6 9. f4 Bc5+ 10. Kh1 e5 11. Qf3 h5 12. f5 b5 13. a4 Bb7 14. Be3 Qb6 15.
Bg5 Be7 16. Qg3 Qc7 17. Bh4 Kf8 18. Rad1 Rd8 19. Qe3 Rd4 20. b3 Ng4 21. Bxe7+
Qxe7 22. Qg3 Qc5 23. Ne2 Rd7 24. Rde1 Qe3 25. Qh4 Qc5 26. Ng1 bxa4 27. bxa4 Qb4
28. Rb1 Qe7 29. Qg3 Qc5 30. Nf3 f6 31. h3 Nh6 32. Bxa6 Qa7 33. Bc4 Nf7 34. Nh4
Rh6 35. Ng6+ Rxg6 36. fxg6 Nd6 37. Be6 Nxe4 38. Qxe5 Qe3 39. Qb8+ Ke7 40. Bxd7
Ba6 41. Qe8+ Kd6 42. Qe6+ Kc5 43. Qxc6+ Kd4 44. Rb4+ Ke5 45. Rf5# 1-0

[Event "Riga Tech Open A 2015"]
[Site "Riga LAT"]
[Date "2015.08.13"]
[Round "5.13"]
[White "Burmakin, Vladimir"]
[Black "Aryan, Chopra"]
[Result "1/2-1/2"]
[WhiteTitle "GM"]
[WhiteElo "2558"]
[BlackElo "2402"]
[WhiteFideId "4105109"]
[BlackFideId "5084423"]
[EventDate "2015.08.10"]

1. Nf3 d5 2. g3 c6 3. Bg2 Bg4 4. c4 e6 5. cxd5 exd5 6. Qb3 Qb6 7. Qc2 Nf6 8. O-O
Nbd7 9. d3 Qc5 10. Qd1 Be7 11. Be3 Qa5 12. Nc3 O-O 13. h3 Bxf3 14. Bxf3 b5 15.
a3 b4 16. Qa4 Qxa4 17. Nxa4 bxa3 18. bxa3 Rab8 19. Rfc1 Rfc8 20. Bxa7 Rb5 21.
Bd4 Ra5 22. Nb6 Nxb6 23. Bxb6 Rxa3 24. Rab1 Ra4 25. Bc5 Kf8 26. Rb7 Bxc5 27.
Rxc5 Ra6 28. e3 Ke8 29. Rc2 c5 30. g4 g5 31. Kf1 Rac6 32. Ke2 R6c7 33. Rb5 Ke7
34. Ra2 Kd6 35. Ra6+ Rc6 36. Raa5 Nd7 37. d4 R8c7 38. Bg2 Rc8 39. Kd3 R6c7 40.
Bf3 Rc6 41. Bd1 Rb6 42. Rxb6+ Nxb6 43. dxc5+ Rxc5 44. Ra6 Rc6 45. Bb3 Kc5 46.
Ra7 Rf6 47. Ke2 h6 48. Bc2 d4 49. Bb3 dxe3 50. fxe3 Kd6 51. Bxf7 Nd7 52. Bg6 Ne5
53. Bf5 Nc6 54. Rb7 Kd5 55. e4+ Ke5 56. Ke3 Rd6 57. Bd7 Kf6 58. Rb6 Rxd7 59.
Rxc6+ Ke5 60. Rc5+ Ke6 61. h4 gxh4 62. Rh5 Kf6 63. Kf4 Kg6 64. Rxh4 Rd1 65. Rh3
Ra1 66. Rb3 Rf1+ 67. Rf3 Ra1 68. Rf2 Rb1 69. Rg2 Kf6 70. e5+ Ke6 71. Re2 Rb4+
72. Re4 Rb1 73. Kg3 Rb5 74. Kf4 Rb1 75. Re3 Rb4+ 76. Kg3 Rb5 77. Kh4 Rxe5 78.
Rf3 Ke7 79. Rf4 Rg5 1/2-1/2

[Event "Riga Tech Open A 2015"]
[Site "Riga LAT"]
[Date "2015.08.13"]
[Round "5.14"]
[White "Martynov, Pavel2"]
[Black "Skoberne, Jure"]
[Result "1/2-1/2"]
[WhiteTitle "FM"]
[BlackTitle "GM"]
[WhiteElo "2366"]
[BlackElo "2547"]
[WhiteFideId "4122186"]
[BlackFideId "14604299"]
[EventDate "2015.08.10"]

1. d4 g6 2. c4 Bg7 3. Nf3 Nf6 4. Nc3 O-O 5. e4 d6 6. h3 c6 7. Bg5 h6 8. Be3 e5
9. d5 cxd5 10. cxd5 Nh5 11. Nd2 Kh7 12. g3 Bf6 13. Be2 Ng7 14. h4 h5 15. g4 hxg4
16. h5 Nxh5 17. Bxg4 Bxg4 18. Qxg4 Rh8 19. O-O-O Kg7 20. Kb1 Nd7 21. Rdg1 Kf8
22. Nc4 Qc7 23. Rc1 Qxc4 24. Qxd7 Qa6 25. Qb5 Be7 26. Qxa6 bxa6 27. Na4 f5 28.
exf5 gxf5 29. Rc7 Kf7 30. Bxa7 Nf4 31. Rd1 Rac8 32. Rc6 Rxc6 33. dxc6 Rc8 34.
Rc1 Bd8 35. Nb6 Bxb6 36. Bxb6 Nd3 37. Rc4 Ke6 38. c7 Kd5 39. Rc3 Nc5 40. Ba5 e4
41. b4 Ne6 42. a4 f4 43. b5 axb5 44. axb5 Nc5 45. Rh3 Kc4 46. b6 Kb5 47. Rh5 Kc6
48. Rh6 Kb5 49. Rh5 Kc6 50. Rh6 Nb7 51. Bb4 Kxb6 52. Bxd6 Nxd6 53. Rxd6+ Kc5 54.
Rf6 f3 55. Rf7 Kd6 56. Rf4 Ke5 57. Rf7 Ke6 58. Rh7 Rf8 59. Kc2 e3 60. fxe3 f2
61. Rh1 Kd7 62. Rf1 Kxc7 63. Kd2 Kd6 64. Ke2 Ke5 65. Rxf2 Rxf2+ 66. Kxf2 Ke4 67.
Ke2 Ke5 68. Kf3 Kf5 69. e4+ Ke5 70. Ke3 Ke6 71. Kf4 Kf6 72. e5+ Ke6 73. Ke4 Ke7
74. Kd5 Kd7 75. e6+ Ke7 76. Ke5 Ke8 77. Kf6 Kf8 78. e7+ 1/2-1/2